[Event "76. España ch 2011"]
[Site "Arenal d'en Castell ESP"]
[Date "2011.10.18"]
[Round "4.8"]
[White "Rodriguez Pineda, Daniel M"]
[Black "Suarez Garcia, Carlos"]
[Result "1/2-1/2"]
[WhiteElo "2428"]
[BlackElo "2254"]
[PlyCount "93"]
[EventDate "2011.10.15"]
[EventType "swiss"]
[EventRounds "9"]
[EventCountry "ESP"]
[Source "lmi"]
[SourceDate "2011.10.15"]

1. e4 c5 2. Nf3 e6 3. d3 d5 4. Nbd2 Nc6 5. g3 Nf6 6. Bg2 Be7 7. O-O O-O 8. Re1
b5 9. e5 Nd7 10. c4 bxc4 11. dxc4 Nb6 12. cxd5 exd5 13. Nf1 Be6 14. h4 h6 15.
Bf4 Rc8 16. Qe2 d4 17. b3 Nb4 18. Red1 N6d5 19. Bd2 Bf5 20. Bxb4 Nxb4 21. Ne1
Nd5 22. Rac1 Be6 23. Rd2 Qa5 24. Bxd5 Bxd5 25. Ne3 dxe3 26. Rxd5 exf2+ 27. Kxf2
Rfd8 28. Rcd1 Rxd5 29. Rxd5 Rd8 30. Rxd8+ Qxd8 31. Nf3 Qd5 32. Qd2 Qe6 33. Qf4
Qa6 34. a4 Qd3 35. Qc4 Qd7 36. a5 Qc7 37. a6 Qc6 38. g4 Qd7 39. Kg3 Qc6 40. Kf4
Bf8 41. h5 Be7 42. Kg3 Qb6 43. Kf2 Qc6 44. Ke3 Bg5+ 45. Ke2 Be7 46. Ne1 Qh1 47.
Nf3 1/2-1/2

[Event "76. España ch 2011"]
[Site "Arenal d'en Castell ESP"]
[Date "2011.10.18"]
[Round "4.9"]
[White "Fernandez Garcia, Jose Miguel"]
[Black "Garza Marco, Sergio"]
[Result "1/2-1/2"]
[WhiteElo "2325"]
[BlackElo "2402"]
[PlyCount "103"]
[EventDate "2011.10.15"]
[EventType "swiss"]
[EventRounds "9"]
[EventCountry "ESP"]
[Source "lmi"]
[SourceDate "2011.10.15"]

1. e4 e6 2. d4 d5 3. Nc3 Bb4 4. e5 c5 5. Qg4 Ne7 6. dxc5 Nbc6 7. Bd2 O-O 8.
O-O-O Bxc5 9. Nf3 Ng6 10. Qh5 d4 11. Ne4 Qd5 12. Nxc5 Qxc5 13. Bd3 f6 14. Rhe1
Bd7 15. Bxg6 hxg6 16. Qxg6 Be8 17. Qd3 Rc8 18. Kb1 Nxe5 19. Nxe5 fxe5 20. f3
Rf6 21. Rc1 Bg6 22. Qb3 Rc6 23. Bb4 Qb5 24. a4 Qc4 25. Qxc4 Rxc4 26. Bd6 e4 27.
b3 Rc6 28. Be5 Rf8 29. Bxd4 exf3 30. gxf3 Rxf3 31. Kb2 a6 32. Rg1 Kh7 33. Rg4
Rf5 34. Rcg1 e5 35. Bc3 Rf2 36. R1g2 e4 37. Bd4 Rxg2 38. Rxg2 Rc7 39. c4 Bh5
40. Rg5 Bf3 41. Re5 Kh6 42. Kc3 Rd7 43. b4 g5 44. b5 axb5 45. axb5 Kh5 46. c5
Kh4 47. Re6 Kh3 48. c6 bxc6 49. Rh6+ Kg2 50. bxc6 Re7 51. Be3 g4 52. Kd4
1/2-1/2

[Event "76. España ch 2011"]
[Site "Arenal d'en Castell ESP"]
[Date "2011.10.18"]
[Round "4.10"]
[White "Ladron De Guevara Pinto, Paolo"]
[Black "Espinosa Aranda, Angel"]
[Result "1/2-1/2"]
[WhiteElo "2292"]
[BlackElo "2398"]
[PlyCount "64"]
[EventDate "2011.10.15"]
[EventType "swiss"]
[EventRounds "9"]
[EventCountry "ESP"]
[Source "lmi"]
[SourceDate "2011.10.15"]

1. e4 c5 2. Nf3 Nc6 3. d4 cxd4 4. Nxd4 Nf6 5. Nc3 d6 6. Bc4 e5 7. Nde2 Be6 8.
Bb3 h6 9. O-O Be7 10. Be3 O-O 11. Ng3 Na5 12. Nd5 Nxb3 13. axb3 a6 14. Bb6 Qd7
15. c4 Rac8 16. Qd3 Bxd5 17. cxd5 Bd8 18. Be3 Kh7 19. Rfc1 Ng4 20. Rxc8 Qxc8
21. Rc1 Qd7 22. Ba7 b5 23. Be3 Nxe3 24. fxe3 Bb6 25. Rc6 Bc5 26. Rxa6 b4 27.
Ra1 g6 28. Rf1 Kg7 29. Rf3 Ra8 30. h3 Ra2 31. Qe2 Qe7 32. Qf2 Ra1+ 1/2-1/2

[Event "76. España ch 2011"]
[Site "Arenal d'en Castell ESP"]
[Date "2011.10.19"]
[Round "5.1"]
[White "Moreno Ruiz, Javier"]
[Black "Illescas Cordoba, Miguel"]
[Result "1/2-1/2"]
[WhiteElo "2536"]
[BlackElo "2601"]
[PlyCount "59"]
[EventDate "2011.10.15"]
[EventType "swiss"]
[EventRounds "9"]
[EventCountry "ESP"]
[Source "lmi"]
[SourceDate "2011.10.15"]

1. d4 Nf6 2. c4 e6 3. Nc3 Bb4 4. Qc2 O-O 5. a3 Bxc3+ 6. Qxc3 b5 7. cxb5 c6 8.
Bg5 cxb5 9. e3 Bb7 10. Nf3 a6 11. Bd3 h6 12. Bh4 d6 13. O-O Nbd7 14. Rfc1 Rc8
15. Qb4 Rxc1+ 16. Rxc1 Qb8 17. Bg3 Rc8 18. Re1 Be4 19. Bf1 Rc6 20. Nd2 Qb6 21.
Nxe4 Nxe4 22. a4 bxa4 23. Qxa4 Ndf6 24. Ra1 Qxb2 25. Qxc6 Qxa1 26. Qxa6 Qxa6
27. Bxa6 Nxg3 28. hxg3 Kf8 29. Kf1 Ke7 30. Ke2 1/2-1/2

[Event "76. España ch 2011"]
[Site "Arenal d'en Castell ESP"]
[Date "2011.10.19"]
[Round "5.2"]
[White "Arizmendi Martinez, Julen Luis"]
[Black "Alexandrova, Olga"]
[Result "1/2-1/2"]
[WhiteElo "2568"]
[BlackElo "2392"]
[PlyCount "56"]
[EventDate "2011.10.15"]
[EventType "swiss"]
[EventRounds "9"]
[EventCountry "ESP"]
[Source "lmi"]
[SourceDate "2011.10.15"]

1. d4 Nf6 2. c4 e6 3. Nc3 Bb4 4. Bg5 h6 5. Bh4 g5 6. Bg3 Ne4 7. Qc2 Bxc3+ 8.
bxc3 Nxg3 9. hxg3 b6 10. e4 Nc6 11. Nf3 Ba6 12. Rh5 Qf6 13. Bd3 O-O-O 14. c5
Bxd3 15. Qxd3 Kb7 16. Nd2 d6 17. cxd6 cxd6 18. Ke2 d5 19. e5 Qg7 20. Qf3 f5 21.
Nb3 Rc8 22. Qd3 Qc7 23. Rah1 Qg7 24. a4 Ka8 25. Qa6 Nb8 26. Qd3 Nc6 27. Qa6 Nb8
28. Qd3 Nc6 1/2-1/2

[Event "76. España ch 2011"]
[Site "Arenal d'en Castell ESP"]
[Date "2011.10.19"]
[Round "5.3"]
[White "Perez Candelario, Manuel"]
[Black "De La Villa Garcia, Jesus Maria"]
[Result "1/2-1/2"]
[WhiteElo "2556"]
[BlackElo "2486"]
[PlyCount "64"]
[EventDate "2011.10.15"]
[EventType "swiss"]
[EventRounds "9"]
[EventCountry "ESP"]
[Source "lmi"]
[SourceDate "2011.10.15"]

1. e4 e6 2. d4 d5 3. Nc3 Bb4 4. exd5 exd5 5. Bd3 Nf6 6. Nge2 O-O 7. O-O Bg4 8.
f3 Bh5 9. Bg5 c6 10. Nf4 Bg6 11. Nxg6 fxg6 12. Ne2 Bd6 13. Qe1 Qc7 14. Qh4 Nbd7
15. c3 Rae8 16. Rae1 Rf7 17. Ng3 Rxe1 18. Rxe1 Re7 19. Nf1 Rxe1 20. Qxe1 Bf4
21. Bh4 Kf7 22. Bf2 a6 23. g3 Bd6 24. Nd2 g5 25. Bf5 Nf8 26. Nb3 g6 27. Bh3 h5
28. Qe2 g4 29. fxg4 Qd7 30. Bg2 hxg4 31. Nc1 Qf5 32. Nd3 Ne6 1/2-1/2

[Event "76. España ch 2011"]
[Site "Arenal d'en Castell ESP"]
[Date "2011.10.19"]
[Round "5.4"]
[White "Teran Alvarez, Ismael"]
[Black "Del Rio De Angelis, Salvador G"]
[Result "0-1"]
[WhiteElo "2435"]
[BlackElo "2527"]
[PlyCount "89"]
[EventDate "2011.10.15"]
[EventType "swiss"]
[EventRounds "9"]
[EventCountry "ESP"]
[Source "lmi"]
[SourceDate "2011.10.15"]

1. c4 b6 2. Nc3 e6 3. d4 Bb4 4. Qd3 c5 5. a3 Ba5 6. Rb1 Qe7 7. Bd2 Nf6 8. b4
cxb4 9. Nb5 Na6 10. Nc7+ Nxc7 11. axb4 O-O 12. bxa5 Ba6 13. Bb4 d6 14. Qa3 Ne4
15. e3 bxa5 16. Bxa5 Rab8 17. Rc1 Bb7 18. Nf3 Rfc8 19. Be2 Ng5 20. Nxg5 Qxg5
21. Bxc7 Rxc7 22. Qxd6 Rbc8 23. Bf3 Qa5+ 24. Kd1 Bxf3+ 25. gxf3 Qa2 26. c5 Qxf2
27. Rb1 h6 28. Re1 Qxf3+ 29. Kd2 Qg2+ 30. Kd3 Rc6 31. Qg3 Qa2 32. Rg1 g6 33.
Rb8 Qa6+ 34. Kd2 Rxb8 35. Qxb8+ Rc8 36. Ra1 Qc6 37. Qf4 g5 38. Qe5 Qg2+ 39. Kd3
Qb2 40. Rg1 Rb8 41. h4 Rb3+ 42. Ke4 Qe2 43. Rxg5+ hxg5 44. Qxg5+ Kh7 45. Qe5
0-1

[Event "76. España ch 2011"]
[Site "Arenal d'en Castell ESP"]
[Date "2011.10.19"]
[Round "5.5"]
[White "Espineira Gonzalez, Pablo D"]
[Black "Cifuentes Parada, Roberto"]
[Result "0-1"]
[WhiteElo "2192"]
[BlackElo "2518"]
[PlyCount "84"]
[EventDate "2011.10.15"]
[EventType "swiss"]
[EventRounds "9"]
[EventCountry "ESP"]
[Source "lmi"]
[SourceDate "2011.10.15"]

1. c4 Nf6 2. Nc3 c6 3. d4 d5 4. Nf3 dxc4 5. a4 e6 6. e4 c5 7. Bxc4 cxd4 8. Nxd4
Bb4 9. O-O O-O 10. e5 Nfd7 11. Bf4 Nb6 12. Bd3 Nd5 13. Bd2 Be7 14. Ne4 Nd7 15.
Nf3 b6 16. Neg5 g6 17. h4 Nc5 18. Bc2 Ba6 19. Re1 Bd3 20. b4 Bxc2 21. Qxc2 Na6
22. b5 Rc8 23. Qb1 Nab4 24. Rc1 Rxc1+ 25. Qxc1 Qd7 26. Qd1 Rc8 27. Rc1 Na2 28.
Rc2 Ndc3 29. Rxc3 Nxc3 30. Qe1 Qd3 31. Kh2 Rc4 32. Bxc3 Rxc3 33. Ne4 Rc2 34.
Ng3 Rc4 35. a5 Bxh4 36. axb6 axb6 37. Qa1 Bxg3+ 38. fxg3 Qd8 39. Qa3 Kg7 40.
Qb3 Rc5 41. Qb4 Rd5 42. Qc4 h6 0-1

[Event "76. España ch 2011"]
[Site "Arenal d'en Castell ESP"]
[Date "2011.10.19"]
[Round "5.6"]
[White "Alonso Rosell, Alvar"]
[Black "Meneses Gonzalez, Kevin Moises"]
[Result "1-0"]
[WhiteElo "2501"]
[BlackElo "2192"]
[PlyCount "45"]
[EventDate "2011.10.15"]
[EventType "swiss"]
[EventRounds "9"]
[EventCountry "ESP"]
[Source "lmi"]
[SourceDate "2011.10.15"]

1. Nf3 Nf6 2. c4 g6 3. g3 Bg7 4. Bg2 O-O 5. O-O d6 6. Nc3 e5 7. d4 exd4 8. Nxd4
Nbd7 9. Qc2 Re8 10. Rd1 Nc5 11. h3 c6 12. b3 Qb6 13. Rb1 Nfe4 14. Bxe4 Nxe4 15.
Nxe4 Bxd4 16. c5 Bxc5 17. Nf6+ Kf8 18. Bh6+ Ke7 19. Nxe8 Bxf2+ 20. Kg2 Kxe8 21.
e3 Bf5 22. e4 Bxh3+ 23. Kxh3 1-0

[Event "76. España ch 2011"]
[Site "Arenal d'en Castell ESP"]
[Date "2011.10.19"]
[Round "5.7"]
[White "Pons Sastre, Santiago"]
[Black "Gonzalez De La Torre, Santiago"]
[Result "0-1"]
[WhiteElo "2391"]
[BlackElo "2445"]
[PlyCount "72"]
[EventDate "2011.10.15"]
[EventType "swiss"]
[EventRounds "9"]
[EventCountry "ESP"]
[Source "lmi"]
[SourceDate "2011.10.15"]

1. c4 e6 2. g3 d5 3. Nf3 dxc4 4. Bg2 Nd7 5. Qa4 a6 6. Qxc4 b5 7. Qc2 Bb7 8. O-O
c5 9. b3 Ngf6 10. Bb2 Be7 11. d3 O-O 12. Nbd2 Rc8 13. Rac1 Nd5 14. Qb1 Bf6 15.
Ne4 Bxb2 16. Qxb2 Qe7 17. a3 Rfd8 18. Rc2 e5 19. Rfc1 f5 20. Nc3 N5b6 21. Nh4
Bxg2 22. Kxg2 Qf6 23. a4 b4 24. Nd1 g5 25. Nf3 g4 26. Nh4 f4 27. a5 Nd5 28. Rc4
Rf8 29. Kg1 Qg5 30. Ng2 h5 31. Re4 Rce8 32. Qc2 Kh8 33. gxf4 exf4 34. d4 f3 35.
Rxe8 Rxe8 36. Nge3 Nf4 0-1

[Event "76. España ch 2011"]
[Site "Arenal d'en Castell ESP"]
[Date "2011.10.19"]
[Round "5.8"]
[White "Vila Gazquez, Xavier"]
[Black "Ladron De Guevara Pinto, Paolo"]
[Result "1-0"]
[WhiteElo "2465"]
[BlackElo "2292"]
[PlyCount "95"]
[EventDate "2011.10.15"]
[EventType "swiss"]
[EventRounds "9"]
[EventCountry "ESP"]
[Source "lmi"]
[SourceDate "2011.10.15"]

1. Nf3 Nf6 2. g3 d5 3. Bg2 e6 4. O-O Be7 5. c4 O-O 6. b3 c6 7. Bb2 b6 8. d3 Bb7
9. Nbd2 Na6 10. e4 Nc7 11. cxd5 cxd5 12. e5 Nd7 13. Qb1 a5 14. Re1 a4 15. bxa4
Rxa4 16. Qc2 b5 17. Nd4 Ra6 18. Rec1 Bc5 19. N4b3 Rc6 20. Nxc5 Nxc5 21. Nf3 Na4
22. Qd2 Na6 23. Ba3 Re8 24. Rxc6 Bxc6 25. Nd4 Bd7 26. Nb3 Qb6 27. Bd6 Rc8 28.
Rc1 Rxc1+ 29. Qxc1 h6 30. d4 b4 31. Bf1 Bb5 32. Qc8+ Kh7 33. Bc5 N4xc5 34. dxc5
Qc7 35. Qxc7 Nxc7 36. Bxb5 Nxb5 37. c6 Kg6 38. Nd4 Nc7 39. f4 f6 40. Kf2 Kf7
41. Nc2 fxe5 42. fxe5 Ke7 43. Nxb4 Nb5 44. Ke3 Kd8 45. Na6 g5 46. Nc5 Kc7 47.
Nxe6+ Kxc6 48. Nd4+ 1-0

[Event "76. España ch 2011"]
[Site "Arenal d'en Castell ESP"]
[Date "2011.10.20"]
[Round "6.1"]
[White "Illescas Cordoba, Miguel"]
[Black "Alonso Rosell, Alvar"]
[Result "1/2-1/2"]
[WhiteElo "2601"]
[BlackElo "2501"]
[PlyCount "65"]
[EventDate "2011.10.15"]
[EventType "swiss"]
[EventRounds "9"]
[EventCountry "ESP"]
[Source "lmi"]
[SourceDate "2011.10.15"]

1. d4 d5 2. c4 c6 3. Nf3 Nf6 4. Nc3 e6 5. g3 Nbd7 6. Bg2 dxc4 7. O-O Be7 8. e4
O-O 9. Bf4 Re8 10. a4 a5 11. Qe2 b6 12. Rfd1 Ba6 13. Nd2 Bf8 14. Nxc4 Nd5 15.
Bd2 Nb4 16. Be3 Nf6 17. Rac1 Rc8 18. f3 Qc7 19. Bf1 Nd7 20. Qf2 f6 21. b3 Kh8
22. Bh3 Rcd8 23. Kh1 Qb7 24. Bg2 e5 25. f4 exd4 26. Bxd4 Bxc4 27. bxc4 Nc5 28.
Bxc5 Bxc5 29. Qf3 Qe7 30. Rxd8 Rxd8 31. Rd1 Rxd1+ 32. Qxd1 Qd6 33. Qxd6 1/2-1/2

[Event "76. España ch 2011"]
[Site "Arenal d'en Castell ESP"]
[Date "2011.10.20"]
[Round "6.2"]
[White "Del Rio De Angelis, Salvador G"]
[Black "Moreno Ruiz, Javier"]
[Result "1-0"]
[WhiteElo "2527"]
[BlackElo "2536"]
[PlyCount "79"]
[EventDate "2011.10.15"]
[EventType "swiss"]
[EventRounds "9"]
[EventCountry "ESP"]
[Source "lmi"]
[SourceDate "2011.10.15"]

1. d4 Nf6 2. c4 e6 3. Nc3 Bb4 4. e3 d5 5. Nf3 O-O 6. Bd3 b6 7. O-O Ba6 8. cxd5
Bxd3 9. Qxd3 exd5 10. Bd2 c5 11. dxc5 bxc5 12. Rfd1 c4 13. Qf5 Nc6 14. Be1 Ne7
15. Qc2 Qc8 16. a3 Bc5 17. e4 dxe4 18. Nxe4 Nxe4 19. Qxe4 Qe6 20. Qxe6 fxe6 21.
Ng5 Rf6 22. Rd7 Ng6 23. Ne4 Rf5 24. Nxc5 Rxc5 25. Bc3 e5 26. g3 Nf8 27. Re7 Ng6
28. Rb7 Rd5 29. Re1 a5 30. Re4 Rc8 31. Rg4 Rc6 32. h4 h5 33. Rg5 Rf6 34. Rxh5
Rd1+ 35. Kg2 Rc1 36. Rd7 Rc2 37. Rd2 Rxd2 38. Bxd2 a4 39. Bc3 Re6 40. Rg5 1-0

[Event "76. España ch 2011"]
[Site "Arenal d'en Castell ESP"]
[Date "2011.10.20"]
[Round "6.3"]
[White "Cifuentes Parada, Roberto"]
[Black "Arizmendi Martinez, Julen Luis"]
[Result "0-1"]
[WhiteElo "2518"]
[BlackElo "2568"]
[PlyCount "74"]
[EventDate "2011.10.15"]
[EventType "swiss"]
[EventRounds "9"]
[EventCountry "ESP"]
[Source "lmi"]
[SourceDate "2011.10.15"]

1. d4 e6 2. Nf3 d5 3. c4 Nf6 4. e3 a6 5. Nc3 dxc4 6. Bxc4 b5 7. Bb3 Bb7 8. O-O
Be7 9. Qe2 c5 10. Rd1 Nbd7 11. d5 exd5 12. Nxd5 Nxd5 13. Bxd5 Bxd5 14. Rxd5 Qc7
15. e4 O-O 16. e5 Qc6 17. Rd1 Rfe8 18. Bf4 Nf8 19. Nd2 Ne6 20. Be3 Rad8 21. Qf3
Rd5 22. Ne4 Red8 23. Nc3 Rxd1+ 24. Rxd1 Qxf3 25. Rxd8+ Bxd8 26. gxf3 g5 27. a4
b4 28. Ne4 c4 29. Kf1 Bc7 30. Nf6+ Kg7 31. Nd5 b3 32. Bc1 Bxe5 33. h3 Nc5 34.
Ne3 c3 35. Nc4 Nd3 36. Nxe5 Nxe5 37. bxc3 Nc4 0-1

[Event "76. España ch 2011"]
[Site "Arenal d'en Castell ESP"]
[Date "2011.10.20"]
[Round "6.4"]
[White "Gonzalez De La Torre, Santiago"]
[Black "Perez Candelario, Manuel"]
[Result "0-1"]
[WhiteElo "2445"]
[BlackElo "2556"]
[PlyCount "114"]
[EventDate "2011.10.15"]
[EventType "swiss"]
[EventRounds "9"]
[EventCountry "ESP"]
[Source "lmi"]
[SourceDate "2011.10.15"]

1. d4 d5 2. c4 e6 3. Nf3 Nf6 4. g3 Be7 5. Bg2 O-O 6. O-O dxc4 7. Qc2 b5 8. a4
b4 9. Nbd2 Bb7 10. Nxc4 Be4 11. Qd1 c5 12. dxc5 Nbd7 13. Bd2 Bxc5 14. a5 Rc8
15. Be1 Qc7 16. Nfd2 Bd5 17. Kh1 Rfd8 18. Qa4 Ng4 19. e3 Be7 20. b3 Nc5 21. Qa2
Bf6 22. Rb1 Bc3 23. e4 Bc6 24. f3 Nf6 25. Bf2 Bb5 26. Rfd1 Nd3 27. Bg1 Bd4 28.
Ne3 h5 29. Ndc4 Bxc4 30. bxc4 Bc5 31. Qe2 Ne5 32. f4 Neg4 33. Nxg4 Nxg4 34. h3
Rxd1 35. Rxd1 Bxg1 36. hxg4 Bc5 37. gxh5 Qxa5 38. e5 Rd8 39. Be4 Rxd1+ 40. Qxd1
b3 41. Bb1 Qc3 42. Qd8+ Bf8 43. Qd3 Qxd3 44. Bxd3 Bc5 45. Be4 Kf8 46. Bc6 Ke7
47. Kg2 Kd8 48. Kf3 Kc7 49. Ba4 b2 50. Bc2 Kb6 51. g4 Ka5 52. f5 exf5 53. gxf5
Kb4 54. Ke4 Kxc4 55. e6 f6 56. Bb1 Kb3 57. Kd5 Be7 0-1

[Event "76. España ch 2011"]
[Site "Arenal d'en Castell ESP"]
[Date "2011.10.20"]
[Round "6.6"]
[White "Mascaro March, Pedro"]
[Black "Suarez Garcia, Carlos"]
[Result "1-0"]
[WhiteElo "2391"]
[BlackElo "2254"]
[PlyCount "85"]
[EventDate "2011.10.15"]
[EventType "swiss"]
[EventRounds "9"]
[EventCountry "ESP"]
[Source "lmi"]
[SourceDate "2011.10.15"]

1. d4 d5 2. c4 c6 3. Nf3 Nf6 4. Nc3 a6 5. e3 b5 6. c5 Bg4 7. Qb3 Nbd7 8. a4
Bxf3 9. gxf3 e5 10. Qa3 Rc8 11. axb5 axb5 12. Qa6 Be7 13. Bh3 exd4 14. exd4 O-O
15. Na2 Qc7 16. Nb4 Nxc5 17. dxc5 Bxc5 18. Nd3 Rce8+ 19. Kf1 Bd6 20. Bg5 Nh5
21. b4 Bf4 22. Bh4 Qd6 23. Bg3 Qh6 24. Kg2 Qg6 25. Rad1 Bxg3 26. hxg3 Re2 27.
Bg4 Nxg3 28. Nf4 Qd6 29. Nxe2 Nxe2 30. Kf1 Nf4 31. Qa3 f5 32. Bh3 g6 33. Qc3
Re8 34. Re1 Ra8 35. Kg1 d4 36. Qd2 Ra3 37. Bf1 Rxf3 38. Qa2+ Kg7 39. Qa7+ Kf6
40. Qxh7 Nh5 41. Rxh5 Rg3+ 42. Bg2 gxh5 43. fxg3 1-0

[Event "76. España ch 2011"]
[Site "Arenal d'en Castell ESP"]
[Date "2011.10.20"]
[Round "6.7"]
[White "Cubas Pons, Juan Miguel"]
[Black "Teran Alvarez, Ismael"]
[Result "0-1"]
[WhiteElo "2340"]
[BlackElo "2435"]
[PlyCount "88"]
[EventDate "2011.10.15"]
[EventType "swiss"]
[EventRounds "9"]
[EventCountry "ESP"]
[Source "lmi"]
[SourceDate "2011.10.15"]

1. d4 Nf6 2. c4 a6 3. g3 c5 4. Nf3 e6 5. Bg2 cxd4 6. O-O Qc7 7. Qxd4 Nc6 8. Qh4
Be7 9. Nc3 d6 10. Rd1 b6 11. Bg5 Bb7 12. Rac1 Nb8 13. Bh3 Nbd7 14. Nd4 Nf8 15.
Bg2 Bxg2 16. Kxg2 Qb7+ 17. Kg1 Ng6 18. Qh3 Ne5 19. b3 O-O 20. Qg2 Qxg2+ 21.
Kxg2 Rfc8 22. h3 Kf8 23. Be3 Rab8 24. Na4 Ke8 25. Nc2 b5 26. cxb5 axb5 27. Nb2
Nd5 28. Bd4 Bf6 29. Ne3 Nb4 30. f4 Nd7 31. Rxc8+ Rxc8 32. Bxf6 Nxf6 33. Rxd6
Nxa2 34. Nd3 Nc3 35. Rb6 Nxe2 36. Rxb5 Rc3 37. Kf2 Nd4 38. Rb8+ Ke7 39. Rb7+
Kd8 40. Ne5 Ne4+ 41. Kg1 Ne2+ 42. Kh2 Rxe3 43. b4 Rxg3 44. b5 Nxf4 0-1

[Event "76. España ch 2011"]
[Site "Arenal d'en Castell ESP"]
[Date "2011.10.20"]
[Round "6.8"]
[White "Pazos Porta, Antonio"]
[Black "Espinosa Aranda, Angel"]
[Result "1/2-1/2"]
[WhiteElo "2310"]
[BlackElo "2398"]
[PlyCount "66"]
[EventDate "2011.10.15"]
[EventType "swiss"]
[EventRounds "9"]
[EventCountry "ESP"]
[Source "lmi"]
[SourceDate "2011.10.15"]

1. e4 c5 2. Nc3 Nc6 3. Nge2 g6 4. d4 cxd4 5. Nxd4 Bg7 6. Nb3 d6 7. Be2 Nf6 8.
g4 Be6 9. g5 Nd7 10. Nd5 O-O 11. h4 Nc5 12. Nxc5 dxc5 13. c3 Qd7 14. Be3 Rad8
15. Nf4 Qc8 16. Qa4 Bd7 17. Qc2 Ne5 18. f3 Bc6 19. h5 Rd6 20. hxg6 hxg6 21. Rd1
Rfd8 22. Rxd6 Rxd6 23. Nd3 Nxd3+ 24. Bxd3 Qd7 25. Be2 b6 26. Kf2 Be5 27. Qc1
Bg7 28. Bf4 e5 29. Be3 Bb5 30. c4 Bc6 31. Qg1 f5 32. gxf6 Rxf6 33. Rh4 Qd8
1/2-1/2

[Event "76. España ch 2011"]
[Site "Arenal d'en Castell ESP"]
[Date "2011.10.20"]
[Round "6.9"]
[White "Meneses Gonzalez, Kevin Moises"]
[Black "Pons Sastre, Santiago"]
[Result "1-0"]
[WhiteElo "2192"]
[BlackElo "2391"]
[PlyCount "103"]
[EventDate "2011.10.15"]
[EventType "swiss"]
[EventRounds "9"]
[EventCountry "ESP"]
[Source "lmi"]
[SourceDate "2011.10.15"]

1. e4 c6 2. d4 d5 3. Nc3 dxe4 4. Nxe4 Bf5 5. Ng3 Bg6 6. h4 h6 7. Nf3 Nd7 8. h5
Bh7 9. Bd3 Bxd3 10. Qxd3 e6 11. Bd2 Ngf6 12. O-O-O Be7 13. Qe2 c5 14. dxc5 Qc7
15. Kb1 O-O 16. Ne4 Nxe4 17. Qxe4 Nf6 18. Qe2 Qxc5 19. Ne5 Rac8 20. Bc1 Rc7 21.
Rh3 Rfc8 22. Rc3 Qb4 23. Rxc7 Rxc7 24. Rd3 Nd5 25. c4 Nb6 26. Bd2 Qa4 27. b3
Qa3 28. Bc1 Qb4 29. Bd2 Qa3 30. Rg3 Kf8 31. Bc3 Bf6 32. Qd2 Ke8 33. Bb4 Qxb4
34. Qxb4 Bxe5 35. Rd3 Nd7 36. Qe1 Bf6 37. Qe3 Ne5 38. Rd1 Nc6 39. f4 e5 40.
fxe5 Bxe5 41. Qe4 Re7 42. Qf5 Re6 43. Qh7 Bc3 44. Qg8+ Ke7 45. Qc8 Bd4 46.
Qxb7+ Kf8 47. Qc8+ Ke7 48. Qc7+ Ke8 49. Qc8+ Ke7 50. Qc7+ Ke8 51. Qg3 Kf8 52.
Rxd4 1-0

[Event "76. España ch 2011"]
[Site "Arenal d'en Castell ESP"]
[Date "2011.10.20"]
[Round "6.10"]
[White "Alexandrova, Olga"]
[Black "Vila Gazquez, Xavier"]
[Result "1/2-1/2"]
[WhiteElo "2392"]
[BlackElo "2465"]
[PlyCount "111"]
[EventDate "2011.10.15"]
[EventType "swiss"]
[EventRounds "9"]
[EventCountry "ESP"]
[Source "lmi"]
[SourceDate "2011.10.15"]

1. d4 Nf6 2. c4 g6 3. Nc3 d5 4. cxd5 Nxd5 5. e4 Nxc3 6. bxc3 Bg7 7. Nf3 c5 8.
Bb5+ Nc6 9. O-O O-O 10. Be3 cxd4 11. cxd4 Bg4 12. Bxc6 bxc6 13. Rc1 Bxf3 14.
Qxf3 Bxd4 15. Rfd1 c5 16. Rxc5 Bxe3 17. Rxd8 Bxc5 18. Rxf8+ Rxf8 19. Qc3 Rd8
20. Kf1 Bb6 21. a4 a5 22. Qc6 Rb8 23. e5 e6 24. f4 Bd4 25. Qe4 Bc5 26. Qc2 Ba7
27. Ke2 Rb4 28. Kf3 h5 29. h3 Kg7 30. g4 hxg4+ 31. hxg4 Bb6 32. f5 gxf5 33.
gxf5 exf5 34. Qxf5 Bc7 35. Qg5+ Kf8 36. e6 Rf4+ 37. Ke3 fxe6 38. Qc5+ Ke8 39.
Qxc7 Rf5 40. Qg7 Rd5 41. Qf6 Kd7 42. Qf7+ Kd6 43. Qe8 Re5+ 44. Kf4 Rf5+ 45. Kg4
Rd5 46. Qd8+ Ke5 47. Qe7 Rd4+ 48. Kg5 Rd5 49. Kg6 Kd4 50. Qxe6 Kc5 51. Qe7+ Kc4
52. Qb7 Rc5 53. Kf6 Rd5 54. Ke6 Rc5 55. Kd6 Rg5 56. Qe4+ 1/2-1/2

[Event "76. España ch 2011"]
[Site "Arenal d'en Castell ESP"]
[Date "2011.10.21"]
[Round "7.1"]
[White "Del Rio De Angelis, Salvador G"]
[Black "Illescas Cordoba, Miguel"]
[Result "1/2-1/2"]
[WhiteElo "2527"]
[BlackElo "2601"]
[PlyCount "62"]
[EventDate "2011.10.15"]
[EventType "swiss"]
[EventRounds "9"]
[EventCountry "ESP"]
[Source "lmi"]
[SourceDate "2011.10.15"]

1. d4 Nf6 2. c4 e6 3. Nc3 Bb4 4. e3 O-O 5. Bd3 d5 6. Nf3 c5 7. O-O dxc4 8. Bxc4
Nbd7 9. Re1 b6 10. Bd3 Bb7 11. a3 Ba5 12. Nd2 a6 13. Nc4 Bxc3 14. bxc3 Ne4 15.
Bxe4 Bxe4 16. f3 Bd5 17. Nb2 cxd4 18. cxd4 Qh4 19. e4 Bb3 20. Qe2 Rfc8 21. Qe3
Rc2 22. Rf1 Bc4 23. Rf2 Qxf2+ 24. Qxf2 Rxf2 25. Kxf2 Rc8 26. Bd2 Bb5 27. Rc1
Rxc1 28. Bxc1 f5 29. Nd1 fxe4 30. fxe4 Bc6 31. Ke3 Nf6 1/2-1/2

[Event "76. España ch 2011"]
[Site "Arenal d'en Castell ESP"]
[Date "2011.10.21"]
[Round "7.2"]
[White "Arizmendi Martinez, Julen Luis"]
[Black "Alonso Rosell, Alvar"]
[Result "1/2-1/2"]
[WhiteElo "2568"]
[BlackElo "2501"]
[PlyCount "92"]
[EventDate "2011.10.15"]
[EventType "swiss"]
[EventRounds "9"]
[EventCountry "ESP"]
[Source "lmi"]
[SourceDate "2011.10.15"]

1. d4 d5 2. c4 c6 3. Nf3 Nf6 4. Nc3 e6 5. e3 Nbd7 6. Qc2 Bd6 7. Be2 O-O 8. O-O
dxc4 9. Bxc4 b5 10. Be2 Bb7 11. Rd1 Qb8 12. e4 e5 13. dxe5 Nxe5 14. Nd4 Neg4
15. g3 Be5 16. Nf5 g6 17. Nh6+ Nxh6 18. Bxh6 Rd8 19. Bg5 Re8 20. Bf3 a6 21. Rd2
c5 22. Rad1 Bd4 23. Rxd4 cxd4 24. Bxf6 dxc3 25. Qxc3 Qc8 26. Qe3 Re6 27. e5
Bxf3 28. Qxf3 Qc6 29. Qf4 Rae8 30. h4 Qc5 31. Qh6 Qf8 32. Qf4 Rc6 33. b3 Qc5
34. h5 Qc2 35. Rd7 Qc1+ 36. Qxc1 Rxc1+ 37. Kg2 gxh5 38. Ra7 Rc6 39. a4 bxa4 40.
bxa4 Rec8 41. f4 R8c7 42. Ra8+ Rc8 43. Ra7 h6 44. Kh3 R8c7 45. Ra8+ Rc8 46. Ra7
R8c7 1/2-1/2

[Event "76. España ch 2011"]
[Site "Arenal d'en Castell ESP"]
[Date "2011.10.21"]
[Round "7.3"]
[White "Perez Candelario, Manuel"]
[Black "Alexandrova, Olga"]
[Result "1/2-1/2"]
[WhiteElo "2556"]
[BlackElo "2392"]
[PlyCount "60"]
[EventDate "2011.10.15"]
[EventType "swiss"]
[EventRounds "9"]
[EventCountry "ESP"]
[Source "lmi"]
[SourceDate "2011.10.15"]

1. e4 e6 2. d4 d5 3. Nc3 Nf6 4. e5 Nfd7 5. f4 c5 6. Nf3 Nc6 7. Be3 cxd4 8. Nxd4
Bc5 9. Qd2 Nxd4 10. Bxd4 Bxd4 11. Qxd4 Qb6 12. Qd2 f6 13. exf6 Nxf6 14. Bb5+
Bd7 15. Bxd7+ Nxd7 16. O-O-O O-O 17. Rhe1 Rad8 18. g3 Nf6 19. Qe2 Rfe8 20. Qb5
Qxb5 21. Nxb5 Re7 22. Re5 g6 23. Nd4 Kf7 24. Nf3 h6 25. Re3 Rc8 26. Rde1 Ne4
27. Nd2 Nxd2 28. Kxd2 Rc6 29. Rc3 Rxc3 30. Kxc3 Rc7+ 1/2-1/2